[Event "Novosibirsk Sukharev Memorial op"]
[Site "Novosibirsk"]
[Date "2010.07.25"]
[Round "8"]
[White "Parkhomenko, Alexander"]
[Black "Khoroshev, Sergey"]
[Result "1/2-1/2"]
[WhiteElo "1988"]
[BlackElo "2190"]
[PlyCount "98"]
[EventDate "2010.07.18"]
[EventType "swiss"]
[EventRounds "9"]
[EventCountry "RUS"]
[SourceTitle "EXT 2011"]
[Source "ChessBase"]
[SourceDate "2010.11.26"]
[SourceVersion "1"]
[SourceVersionDate "2010.11.26"]
[SourceQuality "1"]

1. e4 d5 2. exd5 Nf6 3. d4 Bg4 4. Nf3 Qxd5 5. Be2 Nc6 6. Nc3 Qd7 7. Be3 e6 8. Ne5 Bxe2 9. Qxe2 Nxe5 10. dxe5 Nd5 11. Nxd5 Qxd5 12. f4 0-0-0 13. 0-0 Bc5 14. Bxc5 Qxc5+ 15. Kh1 Rd5 16. Rad1 Rhd8 17. Rxd5 Qxd5 18. Qh5 Qc4 19. Kg1 Qd4+ 20. Kh1 g6 21. Qxh7 Qxf4 22. Kg1 Qxe5 23. Qxf7 g5 24. b3 b6 25. h3 Rd2 26. Qf3 Kb8 27. Qf6 Qd4+ 28. Kh1 Rd1 29. Qf3 Rxf1+ 30. Qxf1 e5 31. Qd3 c5 32. Qg3 Kb7 33. Qxg5 e4 34. Qe7+ Ka6 35. Kh2 e3 36. Kg3 Qd2 37. Qe4 Qf2+ 38. Kh2 Qd2 39. Qc4+ Kb7 40. Qe4+ Kc8 41. Qe8+ Kc7 42. Qe7+ Kb8 43. Qe8+ Kb7 44. Qe4+ Ka6 45. Qa4+ Kb7 46. Qe4+ Kc8 47. Qe8+ Kc7 48. Qe7+ Kc6 49. Qe6+ Kc7 1/2-1/2

[Event "Novosibirsk Sukharev Memorial op"]
[Site "Novosibirsk"]
[Date "2010.07.18"]
[Round "1"]
[White "Ubiennykh, Ekaterina"]
[Black "Parkhomenko, Alexander"]
[Result "1-0"]
[WhiteElo "2272"]
[BlackElo "1988"]
[PlyCount "73"]
[EventDate "2010.07.18"]
[EventType "swiss"]
[EventRounds "9"]
[EventCountry "RUS"]
[SourceTitle "EXT 2011"]
[Source "ChessBase"]
[SourceDate "2010.11.26"]
[SourceVersion "1"]
[SourceVersionDate "2010.11.26"]
[SourceQuality "1"]

1. d4 Nf6 2. c4 g6 3. Nc3 Bg7 4. e4 d6 5. Nf3 0-0 6. Be2 c6 7. 0-0 Bg4 8. Ne1 Bxe2 9. Qxe2 e5 10. d5 cxd5 11. cxd5 Ne8 12. Be3 f5 13. f3 fxe4 14. fxe4 Rxf1+ 15. Qxf1 a6 16. Nf3 h6 17. Qf2 Nf6 18. h3 Nbd7 19. Qh4 g5 20. Qf2 Rc8 21. Nd2 Qe7 22. Qe2 Qf7 23. Rf1 Qg6 24. g4 Bf8 25. Rf5 Be7 26. Nf1 Kh7 27. Ng3 Nf8 28. Rf2 Qe8 29. h4 gxh4 30. Nf5 Ng8 31. Qd2 Ng6 32. Bxh6 Nf6 33. Nxd6 Bxd6 34. Rxf6 Qd7 35. Qg5 Rg8 36. Qh5 Bc5+ 37. Be3+ 1-0

[Event "Novosibirsk Sukharev Memorial op"]
[Site "Novosibirsk"]
[Date "2009.08.19"]
[Round "2"]
[White "Parkhomenko, Alexander"]
[Black "Beletsky, Alexey"]
[Result "0-1"]
[WhiteElo "1967"]
[BlackElo "2342"]
[PlyCount "90"]
[EventDate "2009.07.18"]
[EventType "swiss"]
[EventRounds "9"]
[EventCountry "RUS"]
[SourceTitle "CBM 131 Extra"]
[Source "ChessBase"]
[SourceDate "2009.09.03"]
[SourceVersion "2"]
[SourceVersionDate "2009.09.16"]
[SourceQuality "1"]

1. e4 Nf6 2. e5 Nd5 3. d4 d6 4. Nf3 g6 5. Bc4 Nb6 6. Bb3 Bg7 7. Qe2 Nc6 8. 0-0 dxe5 9. dxe5 Nd4 10. Nxd4 Qxd4 11. e6 Bxe6 12. Bxe6 fxe6 13. Qxe6 Qd6 14. Qe2 0-0-0 15. c3 Qe5 16. Qxe5 Bxe5 17. Nd2 Rd5 18. Ne4 Nc4 19. Rb1 Nd6 20. Nxd6+ cxd6 21. Be3 a6 22. Rfd1 Rxd1+ 23. Rxd1 Kd7 24. Bd4 Bxd4 25. Rxd4 Rc8 26. Kf1 e5 27. Rb4 b5 28. Ke2 d5 29. f4 e4 30. Ke3 Kd6 31. g3 Kc5 32. Rd4 a5 33. Rd2 Rb8 34. h3 b4 35. g4 bxc3 36. bxc3 Rb1 37. Rh2 Rf1 38. Rf2 Rh1 39. f5 Rxh3+ 40. Kf4 gxf5 41. gxf5 Kd6 42. Kg5 Rxc3 43. Kf6 d4 44. Rf4 Kd5 45. Kg7 Rf3 0-1

[Event "Novosibirsk Sukharev Memorial op"]
[Site "Novosibirsk"]
[Date "2009.07.22"]
[Round "5"]
[White "Itkin, Dmitry"]
[Black "Parkhomenko, Alexander"]
[Result "1-0"]
[WhiteElo "2240"]
[BlackElo "1967"]
[PlyCount "69"]
[EventDate "2009.07.18"]
[EventType "swiss"]
[EventRounds "9"]
[EventCountry "RUS"]
[SourceTitle "CBM 131 Extra"]
[Source "ChessBase"]
[SourceDate "2009.09.03"]
[SourceVersion "2"]
[SourceVersionDate "2009.09.16"]
[SourceQuality "1"]

1. e4 c5 2. Nf3 Nc6 3. d4 cxd4 4. Nxd4 Nf6 5. Nc3 e5 6. Ndb5 d6 7. Bg5 a6 8. Na3 b5 9. Nd5 Be7 10. Bxf6 Bxf6 11. c4 b4 12. Nc2 a5 13. g3 0-0 14. h4 Rb8 15. b3 Be6 16. Nde3 Qd7 17. Bg2 Bd8 18. 0-0 Bb6 19. Qd3 Nd4 20. Nxd4 Bxd4 21. Rad1 g6 22. Kh2 Kg7 23. f4 f6 24. f5 Bf7 25. Bh3 Qe7 26. g4 h6 27. g5 hxg5 28. hxg5 Bxe3 29. Qxe3 Rh8 30. gxf6+ Qxf6 31. fxg6 Be6 32. Rxf6 Rxh3+ 33. Qxh3 Bxh3 34. Rdxd6 Bg4 35. Kg3 1-0

[Event "Berdsk Maestro op 13th"]
[Site "Berdsk"]
[Date "2007.07.13"]
[Round "6.16"]
[White "Glukhov, Mikhail"]
[Black "Parkhomenko, Alexander"]
[Result "1-0"]
[WhiteElo "2162"]
[BlackElo "2002"]
[PlyCount "111"]
[EventDate "2007.07.08"]
[EventType "swiss"]
[EventRounds "9"]
[EventCountry "RUS"]
[SourceTitle "EXT 2022"]
[Source "ChessBase"]
[SourceDate "2021.10.06"]
[SourceVersion "1"]
[SourceVersionDate "2021.10.06"]
[SourceQuality "1"]

1. d4 d5 2. c4 e6 3. Nc3 Nf6 4. Bg5 Be7 5. Nf3 0-0 6. Qc2 c6 7. e3 Nbd7 8. Bd3 g6 9. h4 dxc4 10. Bxc4 Nd5 11. Bxe7 Qxe7 12. h5 Nb4 13. Qb3 b5 14. Be2 Bb7 15. a3 Nd5 16. Nxd5 exd5 17. Rc1 a5 18. Nd2 g5 19. 0-0 a4 20. Qc2 f5 21. Rfe1 Rac8 22. Nf1 Qf6 23. Bd3 c5 24. Bxb5 cxd4 25. Qd2 dxe3 26. Qxe3 f4 27. Qa7 Qb6 28. Qxb6 Nxb6 29. Rxc8 Rxc8 30. Re7 Bc6 31. Bd3 Be8 32. Bf5 Rd8 33. Bxh7+ Kf8 34. Rb7 Nc4 35. Bc2 Bxh5 36. Bxa4 d4 37. Rh7 Bf7 38. Rxf7+ Kxf7 39. Bb3 Rc8 40. Nd2 Kf6 41. Bxc4 Ke5 42. Kf1 g4 43. Ke2 Rh8 44. Ba6 Ra8 45. Bb7 Ra7 46. Nc4+ Kf6 47. Be4 Rd7 48. Kd3 g3 49. fxg3 fxg3 50. a4 Ke7 51. a5 Kd8 52. b4 Kc7 53. b5 Kb8 54. b6 Rf7 55. a6 Rd7 56. a7+ 1-0

[Event "Novosibirsk State University-ch"]
[Site "Novosibirsk"]
[Date "2007.??.??"]
[Round "4.2"]
[White "Belov, Alexandr"]
[Black "Parkhomenko, Alexander"]
[Result "1/2-1/2"]
[WhiteElo "2002"]
[BlackElo "2009"]
[PlyCount "105"]
[EventDate "2007.05.01"]
[EventType "tourn"]
[EventRounds "9"]
[EventCountry "RUS"]
[SourceTitle "EXT 2022"]
[Source "ChessBase"]
[SourceDate "2021.10.06"]
[SourceVersion "1"]
[SourceVersionDate "2021.10.06"]
[SourceQuality "1"]

1. d4 f5 2. Nf3 Nf6 3. g3 e6 4. Bg2 Bb4+ 5. c3 Be7 6. Qc2 0-0 7. 0-0 c6 8. Nbd2 d5 9. c4 Na6 10. a3 Bd7 11. b4 b6 12. Ne5 Nc7 13. Nb3 Bd6 14. c5 Bxe5 15. dxe5 Ng4 16. Qb2 g5 17. h3 Nh6 18. h4 Nf7 19. hxg5 Nxg5 20. Qd4 b5 21. Qh4 Nf7 22. Qf4 Nh8 23. Nd4 Ng6 24. Qe3 Qe7 25. Nf3 Qg7 26. Qd4 h6 27. Nh4 Kh7 28. Bf3 Rh8 29. Bh5 Be8 30. Bb2 Nxh4 31. Qxh4 Bxh5 32. Qxh5 Qg6 33. Qxg6+ Kxg6 34. a4 bxa4 35. Rxa4 a6 36. Rfa1 h5 37. Kg2 h4 38. Rh1 hxg3 39. Rxh8 Rxh8 40. Kxg3 Kf7 41. Ra1 Rg8+ 42. Kf3 Rg4 43. Ra4 Rc4 44. e3 Rc2 45. Bd4 Rc4 46. Ke2 Rc2+ 47. Kf3 Ke7 48. Ra3 Kd7 49. Kg3 Kc8 50. f3 Kb7 51. Kf4 Nb5 52. Rb3 Rd2 53. Kg5 1/2-1/2

[Event "Naukograd Koltsovo op"]
[Site "Koltsovo"]
[Date "2007.??.??"]
[Round "9"]
[White "Chuvilin, Oleg"]
[Black "Parkhomenko, Alexander"]
[Result "0-1"]
[WhiteElo "1972"]
[BlackElo "2009"]
[PlyCount "50"]
[EventDate "2007.06.11"]
[EventType "swiss"]
[EventRounds "9"]
[EventCountry "RUS"]
[SourceTitle "EXT 2022"]
[Source "ChessBase"]
[SourceDate "2021.10.06"]
[SourceVersion "1"]
[SourceVersionDate "2021.10.06"]
[SourceQuality "1"]

1. d4 d5 2. c4 e6 3. Nf3 Nf6 4. e3 Be7 5. Nc3 0-0 6. Bd3 b6 7. 0-0 c5 8. Qe2 Bb7 9. Rd1 Nbd7 10. b3 Ne4 11. Bb2 cxd4 12. exd4 Nxc3 13. Bxc3 Rc8 14. Rac1 dxc4 15. bxc4 Re8 16. Ne5 Nxe5 17. dxe5 Qc7 18. Be1 Bc5 19. Rc3 Qc6 20. Bxh7+ Kxh7 21. Qh5+ Kg8 22. Rg3 Qe4 23. Qg5 g6 24. h4 Be7 25. Qg4 Qxg4 0-1

[Event "Naukograd Koltsovo op"]
[Site "Koltsovo"]
[Date "2007.??.??"]
[Round "1"]
[White "Parkhomenko, Alexander"]
[Black "Novikova, Anna"]
[Result "0-1"]
[WhiteElo "2009"]
[BlackElo "2272"]
[PlyCount "78"]
[EventDate "2007.06.11"]
[EventType "swiss"]
[EventRounds "9"]
[EventCountry "RUS"]
[SourceTitle "EXT 2022"]
[Source "ChessBase"]
[SourceDate "2021.10.06"]
[SourceVersion "1"]
[SourceVersionDate "2021.10.06"]
[SourceQuality "1"]

1. e4 c5 2. c3 e6 3. d4 d5 4. e5 Bd7 5. Nf3 Qb6 6. a3 cxd4 7. cxd4 Bb5 8. Bxb5+ Qxb5 9. Nc3 Qa6 10. Qe2 Qxe2+ 11. Kxe2 a6 12. b4 b5 13. Nd2 Ne7 14. Nb3 Nd7 15. Bd2 Nc6 16. f4 Be7 17. Kd3 0-0 18. Rhf1 Nb6 19. g4 Rfc8 20. Nc5 Bxc5 21. bxc5 Nc4 22. Ne2 a5 23. Rfb1 Rcb8 24. Rb3 Ra7 25. Be1 Rab7 26. h4 f6 27. exf6 gxf6 28. g5 e5 29. dxe5 fxe5 30. fxe5 a4 31. Rbb1 N4xe5+ 32. Kc3 b4+ 33. axb4 Rxb4 34. Rxb4 Rxb4 35. Bf2 d4+ 36. Kd2 Rb2+ 37. Ke1 Nd3+ 38. Kf1 Nxf2 39. Nxd4 Nxd4 0-1